00000000nam##2200000za#4500
0019.675006
003CaOODSP
00520210624225041
007cr |||||||||||
008150407|2005||||xxc|||||o    f|0| 0 iku|d
040 |aCaOODSP|bfre
041 7|aiku
041 7|aiku
041 |aeng
041 |afre
043 |an-cn---
0861 |aR2-371/2005-PDF
1101 |aCanada.|bAffaires indiennes et du Nord. |bBureau régional du Nunavut.
24513|aLa terre - il faut l'utiliser intelligement : |h[ressource électronique]|blivre d'activités et à colorier
260 |aIqaluit - Nunavut : |bAffaires indiennes et du Nord. |c[2005].
300 |a22p.|bill.
500 |aLe n° de catalogue (R2-371/2005) et l’ISBN (0-662-68679-9) de l'édition imprimée ont été incorrectement copiés dans la version PDF.
5203 |aCe livre d’activités et livre à colorier raconte l’histoire de deux enfants qui accompagnent leur grand-père qui participe au processus d’examen environnemental entrepris lorsqu’une entreprise étudie la possibilité d’ouvrir une mine près de son camp d’été.
546 |aTexte en anglais, français, inuktitut and inuinaqtuin.
590 |a10-10-Supp|b2010-11-09
69107|aÉvaluation environnementale|2gcpds
69107|aProtection de l'environnement|2gcpds
7760#|tThe land - ours to use wisely : |w(CaOODSP)9.666125
791 |tThe land - ours to use wisely : |eeng|w(CaOODSP)9.675005
85640|ahttp://publications.gc.ca|qPDF|s1408 Ko|uhttps://publications.gc.ca/collections/collection_2009/ainc-inac/R2-371-2005.pdf
986 |aQS-8628-010-HI-AEF-A1